000 00527nam a2200145 4500
008 240117b |||||||| |||| 00| 0 eng d
082 _a331.341
_bINT
110 _aInternational Labour Organization
245 _aPromoting jobs, protecting youth :
_bILO's work on youth employment and entrepreneurship
260 _aColombo:
_bILO Country Office for Sri Lanka and Maldives,
_c2015
300 _a47 p. : color ill.; 26 cm
505 _aWith partial reference to Sri Lanka
650 _aYouth Employment- Sri Lanka
942 _cRP
999 _c4635
_d4635